000 01232nam a22003377a 4500
003 CHAP
005 20220329141447.0
008 971013s1988 r 00010 d
010 _a68527
011 _a69499
035 _a78976
040 _cCHAP
090 _aTesis
100 0 0 _aSánchez Domínguez, Delfino.
_9107476
245 _aRentabilidad de los cultivos de maíz (Zea mays L.) sorgo (Sorghum bicolor L. Moench) y cacahuate (Arachis hipogaea L.) en el suroeste del edo. de Morelos
260 _aChapingo, Méx. :
_bEl autor,
_c1988
300 _a76 h.
500 _a29-165
502 _aTesis (Ing. Agrónomo Esp. en Parasitología) -- UACH. Departamento de Parasitología Agrícola
590 _aALEPH
_b10
_c20130110
_lUCH01
_h1405
590 _aBATCH-UPD
_b10
_c20130110
_lUCH01
_h0450
590 _aBATCH-UPD
_b10
_c20130410
_lUCH01
_h0127
590 _aBATCH-UPD
_b10
_c20130914
_lUCH01
_h0802
590 _aCONVERSION
_b10
_c20130109
_lUCH01
_h1338
650 1 4 _aCacahuate
_xAspectos económicos
_xMorelos.
_916854
650 1 4 _aMaíz
_xAspectos económicos
_xMorelos.
_970877
650 1 4 _aSorgo
_xAspectos económicos.
_9108629
901 _aBK
942 _cTESIS
949 _bBC
_cTES
_d-31853
_eTS1
_h20694
_i78976
_si
999 _c68527
_d68527